Russian social democracy in the underground (Record no. 773195)

MARC details
000 -LEADER
fixed length control field 00685nam a2200229Ia 4500
003 - CONTROL NUMBER IDENTIFIER
control field OSt
005 - DATE AND TIME OF LATEST TRANSACTION
control field 20220928123026.0
008 - FIXED-LENGTH DATA ELEMENTS--GENERAL INFORMATION
fixed length control field 220927b |||||||| |||| 00| 0 eng d
037 ## - SOURCE OF ACQUISITION
Terms of availability Textual
040 ## - CATALOGING SOURCE
Original cataloging agency SDCL
Transcribing agency SDCL
Language of cataloging eng
041 ## - LANGUAGE CODE
Source of code eng
Language code of text/sound track or separate title eng
100 ## - MAIN ENTRY--PERSONAL NAME
Personal name Elwood Ralph Carter
9 (RLIN) 459929
245 #0 - TITLE STATEMENT
Title Russian social democracy in the underground
Remainder of title A study of the RSDRP in the Ukraine, 1907-1914.
260 ## - PUBLICATION, DISTRIBUTION, ETC.
Place of publication, distribution, etc. Netherlands
Name of publisher, distributor, etc. Van Gorcum
Date of publication, distribution, etc. 1974
300 ## - PHYSICAL DESCRIPTION
Extent xix,304p.
Dimensions cm.
942 ## - ADDED ENTRY ELEMENTS (KOHA)
Classification part V58,4R'N1, L4
Koha item type Textual
Source of classification or shelving scheme Colon Classification (CC)
Holdings
Withdrawn status Lost status Damaged status Not for loan Home library Current library Date acquired Total Checkouts Full call number Barcode Date last seen Price effective from Koha item type
        South Campus Library South Campus Library 2022-09-28   V58,4R'N1 L4 SC0511643 2022-09-28 2022-09-28 Textual
Copyright @ Delhi University Library System